| 000 | 00915nam a2200229Ia 4500 | ||
|---|---|---|---|
| 005 | 20240530110936.0 | ||
| 008 | 140319s1956 xx 000 0 ara d | ||
| 040 |
_aGCL / _cGCL |
||
| 082 | 0 | 4 |
_a508.3 / _bب ك |
| 100 | 1 | _aبير ، مالكولم | |
| 245 | 1 | 0 |
_aالكشف والفتح فى الميدان العلمى / _cتاليف بير ، مالكولم ؛ مترجم احمد حماد الحسينى ؛ مراجع عبدالحليم منتصر |
| 260 |
_aالقاهرة : _bنهضة مصر للطباعة والنشر والتوزيع، _c1956 |
||
| 300 |
_a198 ص ؛ _b20 سم |
||
| 490 |
_aالالف كتاب _v( 70 ) |
||
| 650 | 0 | 4 | _aافريقيا |
| 650 | 0 | 4 | _aاسيا |
| 650 | 0 | 4 | _aالمطاط |
| 700 | 1 |
_aاحمد حماد الحسينى _eمترجم |
|
| 700 | 1 |
_aعبدالحليم منتصر _eمراجع |
|
| 942 |
_2ddc _cBK |
||
| 999 |
_c66738 _d66738 |
||